| 000 | 00679nam a2200229 a 4500 | ||
|---|---|---|---|
| 999 |
_c759 _d759 |
||
| 008 | 191028r20092011ii a|||g |||| 00| 0 eng d | ||
| 020 |
_a9788184047066 _cRs. 475.00 |
||
| 040 |
_aKO _beng |
||
| 041 | 0 | _aeng | |
| 044 | _aii | ||
| 082 | 0 | 4 |
_223 _a658.7 _bM5277 |
| 100 | 1 | _aMenon, K. S. | |
| 245 | 1 | 0 |
_aPurchasing and Inventory Management / _cK. S. Menon and Sarika Kulkarni |
| 260 |
_aMumbai : _bShroff Publishers & Distributors Pvt. Ltd. , _c2011 |
||
| 300 |
_a370 p. : _bill. ; _c24 cm. |
||
| 650 | 0 |
_aInventory control _xBUSINESS & ECONOMICS |
|
| 650 | 0 | _aPurchasing & Supply Management | |
| 700 |
_aKulkarni, Sarika _eaut |
||
| 904 | _aA_BOSE | ||
| 942 | _cBK | ||